Studia historyczne

Titel: Studia historyczne : ksie̜ga jubileuszowa z okazji 70 rocznicy urodzin prof. dra Stanisława Arnolda / Stanisław Arnold
Beteiligt:
Veröffentlicht: Warszawa : Ksia̜źka i Wiedza, 1965
Umfang: 415 S.
Format: Buch
Sprache: Polnisch
Kein Bild verfügbar
X
Lokale Klassifikation: 32 7 A ; 2 A 117
alg: 10874935
001A    $00077:17-12-02 
001B    $01999:21-05-23 $t00:31:41.000 
001C    $06002:06-03-06 $t14:36:06.000 
001D    $00077:17-12-02 
001U    $0utf8 
001X    $00 
002@    $0Aar 
003@    $0108749355 
003O    $029182799 $aOCoLC 
007A    $0108749355 $aHEB 
007T    $0Herdhh108749355 
010@    $apol 
011@    $a1965 
021A    $aStudia historyczne $dksie̜ga jubileuszowa z okazji 70 rocznicy urodzin prof. dra Stanisława Arnolda $hStanisław Arnold 
028C    $#Arnold, S. $#Arnold, Stanislaw $712492199X $8Arnold, Stanisław$Z1895-1973 [Tp1] $9155513451 
033A    $pWarszawa $nKsia̜źka i Wiedza 
034D    $a415 S. 
045F    $a909 $eDDC23BSB 
045F/01 $a909 
045F/03 $g438 

lok: 10874935 24
101B    $014-11-06 $t09:29:57.000 
101C    $014-11-06 
145Z/01 $a32 7 A 
145Z/02 $a2 A 117 
101U    $0utf8 

exp: 10874935 24 1 #EPN
201B/01 $028-02-06 $t16:21:08.000 
201C/01 $028-02-06 
203@/01 $0361208510 
208@/01 $a28-02-06 $br 
209A/01 $a32 VII A 142 $du $f050 $h32 7 A 142 $x00 
209C/01 $a1191 K 66 $h66 1191 K 
209G/01 $a71021068 $x00 
220C/01 $azag 
247C/01 $8358050-7 Marburg, Bibliothek des Herder-Instituts Marburg $9102600961 
201U/01 $0utf8 

lok: 10874935 25

exp: 10874935 25 1 #EPN
201B/01 $030-12-25 $t12:06:22.000 
201C/01 $017-12-02 
201U/01 $0utf8 
203@/01 $0178966762 
208@/01 $a17-12-02 $br 
209A/01 $aMe 189 $dd $f092 $x00 
209C/01 $a12248/66 
209G/01 $a71025642 $x00 
209G/01 $aOsteuropäische Geschichte $x01 
247C/01 $8651092-9 <77/092>Mainz, Universität Mainz, Bereichsbibliothek Philosophicum, Standort Osteuropäische Geschichte $9102600414 

lok: 10874935 78

exp: 10874935 78 1 #EPN
201B/01 $019-04-17 $t19:07:44.000 
201U/01 $0utf8 
203@/01 $0794329888 
208@/01 $a12-11-16 $be 
209A/01 $a/ $f000 $x00 
237A/01 $aweiterführende Signatur(en): Herder-Institut: 32 VII A 142 
244Z/01 $2Trx $#dzieło zbiorowe $8--Trx--Sammelwerk $x01 $9391384597 
247C/01 $82080>Marburg/Lahn, Herder-Institut, Forschungsbibliothek, Bibliographieportal $9336309341 

lok: 10874935 204

exp: 10874935 204 1 #EPN
201B/01 $031-08-11 $t08:45:06.000 
201C/01 $031-08-11 
201U/01 $0utf8 
203@/01 $0628965168 
208@/01 $a31-08-11 $brZKAW 
209A/01 $a064 G P 66/1418 $du $f000 $x00 
220B/01 $aRetro 043450 
245S/01 $a10200 $x01 
247C/01 $8631000-x <26>Gießen, Universität Gießen, Universitätsbibliothek Gießen $9102596697
LEADER 00000cam a22000002c 4500
001 108749355
003 DE-603
005 20230521003141.0
007 tu
008 021217s1965 xx |||| | u00||u|pol c
035 |a (DE-599)HEB108749355 
035 |a (OCoLC)29182799 
040 |a DE-603  |b ger  |c DE-603  |d DE-603 
041 |a pol 
082 0 4 |8 1\u  |a 909  |q DE-101  |2 23/BSB 
085 |8 1\u  |b 909 
085 |8 1\u  |z 2  |s 438 
245 0 0 |a Studia historyczne  |b ksie̜ga jubileuszowa z okazji 70 rocznicy urodzin prof. dra Stanisława Arnolda  |c Stanisław Arnold 
264 1 |a Warszawa  |b Ksia̜źka i Wiedza  |c 1965 
300 |a 415 S. 
700 1 |a Arnold, Stanisław  |d 1895-1973  |0 (DE-603)155513451  |0 (DE-588)12492199X  |2 gnd 
924 0 |9 Mb 50  |a (DE-603)361208510  |b DE-Mb50  |c HES  |d c  |g 32 VII A 142 
924 0 |9 77/092  |a (DE-603)178966762  |b DE-77-092  |c HES  |d d  |g Me 189 
924 0 |9 2080  |a (DE-603)794329888  |b DE-2080  |c HES  |d d  |g / 
924 0 |9 26  |a (DE-603)628965168  |b DE-26  |c HES  |d c  |g 064 G P 66/1418